000 00549nam a2200217Ia 4500
003 OSt
005 20220923230913.0
006 a|||||r|||| 00| 0
007 ta
008 Pun
024 _a306,315
037 _cTextual
040 _aARTS
_cARTS
_bPun
041 _2Pun
_aPun
082 _aO153,6N16x, M5
100 _aਗਾਰਗੀ, ਬਲਵੰਤ
_9156290
245 0 _aਹੁਸੀਨ ਚਿਹਰੇ
260 _c1985
942 _hO153,6N16x, M5
_cTEXL
_2CC
999 _c388101
_d388101